1569 1932 1481 1019 1890 1679 1461 1606 1503 1119 1046 1414 1252 1634 1965 1443 1923 1899 1253 1628 1802 1201 1347 1974 1753 1285 1990 1317 1013 1794 1034 1512 1611 1361 1329 1006 1295 1392 1015 1492 1460 1568 1476 1691 1835 1468 1721 1827 1391 1195 1176 1851 1411 1114 1609 1194 1384 1518 1646 1351 1692 1349 1800 1744 1364 1911 1142 1013 1003 1979 1735 1681 1935 1980 1406 1060 1149 1511 1586 1139 1194 1491 1811 1890 1632 1426 1041 1485 1305 1555 1794 1810 1024 1892 1576 1561 1080 1107 1557 BCNSPRNW ULIB Ver.6.0+V

เปลี่ยนเป็นภาษาไทย

Change to English
 แสดงรายละเอียดบรรณานุกรม
  กลับหน้าหลัก

Brief Record : Get Marc (ISO 2709) : E-mail record : QR code < ปิดหน้าต่าง
LEADER : 00000nam 2200000uu 4500
001    13399109794
003     ULIB
008    110411s||||||||th 000 0 tha d
020    9789742975937
060 04 WC503.6^bค124ผ ล.1 2550
245 00 แผนยุทธศาสตร์บูรณาการป้องกันและแก้ไขปัญหาเอดส์แห่งชาติพ.ศ. 2550-2554 /^cคณะกรรมการแห่งชาติว่าด้วยการป้องกันและแก้ไขปัญหาเอดส์ คณะทำงานยก (ร่าง) แผนยุทธศาสตร์บูรณาการป้องกันและแก้ไขปัญหาเอดส์แห่งชาติ พ.ศ. 2550-2554 ; บรรณาธิการ เพชรศรี ศิรินิรันดร์, วิพุธ พูลเจริญ, สมบัติ แทนประเสริฐสุข
260    กรุงเทพฯ :^bสำนักโรคเอดส์ วัณโรค และโรคติดต่อทางเพศสัมพันธ์,^c2550
300    2 เล่ม ;^c30 ซม.
505    เล่ม 1. สาระสำคัญ -- เล่ม 2. รายละเอียดยุทธศาสตร์ มาตรการกลวิธี ตัวชี้วัด และหน่วยงานรับผิดชอบ
650  7 กลุ่มอาการภูมิคุ้มกันเสื่อม^xการป้องกันและควบคุม
650  7 โรคเอดส์^xการป้องกันและควบคุม
700 0  เพชรศรี ศิรินิรันดร์,^eบรรณาธิการ
700 0  วิพุธ พูลเจริญ^eบรรณาธิการ
700 0  สมบัติ แทนประเสริฐสุข^eบรรณาธิการ
710 2  คณะกรรมการแห่งชาติว่าด้วยการป้องกันและแก้ไขปัญหาเอดส์คณะทำงานยก (ร่าง) แผนยุทธศาสตร์บูรณาการป้องกันและแก้ไขปัญหาเอดส์แห่งชาติ พ.ศ. 2550-2554
710 2  สำนักโรคเอดส์ วัณโรค และโรคติดต่อทางเพศสัมพันธ์
945    ^p0^l0^i021963
945    ^p0^l0^i021964
945    ^p0^l0^i021962
995    ทศพร
999 ^a ใช้งานได้ทุกระบบ
รายการนี้ยังไม่มีแท็ก
คุณยังไม่ได้ล็อกอิน คุณสามารถมีกิจกรรมร่วมกับเว็บไซต์ได้ แต่ต้องล็อกอินก่อน ::
  ล็อกอิน

รายการสื่อสารสนเทศ

ลำดับที่ ประเภท เลขเรียก/บาร์โค้ด สถานที่ สถานะ
- ไม่พบข้อมูล -

BibComment


ยังไม่เคยถูกคอมเมนท์

คอมเมนท์ทรัพยากรรายการนี้
  คอมเมนท์: แผนยุทธศาสตร์บูรณ..


 Copyright 2026. Bcnsprnw @Library